The dance in India: (Record no. 63385)
[ view plain ]
| 000 -LEADER | |
|---|---|
| fixed length control field | 00970nam a2200265 a 4500 |
| 001 - CONTROL NUMBER | |
| control field | 63385 |
| 003 - CONTROL NUMBER IDENTIFIER | |
| rucl marc code | BD-RjUL |
| 005 - DATE AND TIME OF LATEST TRANSACTION | |
| control field | 20211209081207.0 |
| 008 - FIXED-LENGTH DATA ELEMENTS--GENERAL INFORMATION | |
| fixed length control field | 170130s1965 ii a b 001 0 eng |
| 035 ## - SYSTEM CONTROL NUMBER | |
| System control number | (BD-RjUL)63514 |
| 040 ## - CATALOGING SOURCE | |
| Original cataloging agency | DLC |
| Transcribing agency | DLC |
| Modifying agency | DLC |
| -- | BD-RjUL |
| Language of cataloging | eng |
| 041 ## - LANGUAGE CODE | |
| Language code of text/sound track or separate title | eng |
| 082 ## - DEWEY DECIMAL CLASSIFICATION NUMBER | |
| Edition number | 23 |
| Classification number | 793.31954 |
| Author mark and year | BHD 1970 |
| 100 1# - MAIN ENTRY--PERSONAL NAME | |
| Personal name | Bhavnani, Enakshi. |
| 9 (RLIN) | 188608 |
| 245 14 - TITLE STATEMENT | |
| Title | The dance in India: |
| Remainder of title | the origin and history, foundations, the art, and science of the dance in India, classical, folk, and tribal / |
| Statement of responsibility, etc. | Enakshi Bhavnani ; Foreword by Kamaladevi Chattopadhyaya. |
| 250 ## - EDITION STATEMENT | |
| Edition statement | 2nd ed. |
| 260 ## - PUBLICATION, DISTRIBUTION, ETC. (IMPRINT) | |
| Place of publication, distribution, etc. | Bombay : |
| Name of publisher, distributor, etc. | D. B. Taraporevala Sons, |
| Date of publication, distribution, etc. | 1970. |
| 300 ## - PHYSICAL DESCRIPTION | |
| Pagination | xxvi, 261 p. : |
| Illustrations | ill. ; |
| Size | 28 cm. |
| 490 0# - SERIES STATEMENT | |
| Series statement | Taraporevala's treasure house of books. |
| 504 ## - BIBLIOGRAPHY, ETC. NOTE | |
| Bibliography, etc | Include bibliography and index. |
| 650 #0 - SUBJECT ADDED ENTRY--TOPICAL TERM | |
| Topical term or geographic name as entry element | Dance |
| Geographic subdivision | India. |
| 9 (RLIN) | 188609 |
| 700 ## - ADDED ENTRY--PERSONAL NAME | |
| Personal name | Chattopadhyaya, Kamaladevi |
| 830 ## - SERIES ADDED ENTRY--UNIFORM TITLE | |
| Uniform title | Taraporevala's treasure house of books. |
| 942 ## - ADDED ENTRY ELEMENTS (KOHA) | |
| Source of classification or shelving scheme | Dewey Decimal Classification |
| Koha item type | Books |
| Lost status | Source of classification or shelving scheme | Damaged status | Not for loan | Collection code | Permanent Location | Current Location | Shelving location | Date acquired | Source of acquisition | Total Checkouts | Full call number | Date last seen | Copy number | Koha item type |
|---|---|---|---|---|---|---|---|---|---|---|---|---|---|---|
| Dewey Decimal Classification | Not For Loan | Non-fiction | Central Library, University of Rajshahi | Central Library, University of Rajshahi | Reading Room | 02/07/1974 | India Govt. | 793.31954 BHD 1970 | 30/01/2017 | C-1 | Books |